Ekonomicko-finančná analýza prosperity poľnohospodárskych podnikov so zameraním na úpadkové podniky

Gespeichert in:
Bibliographische Detailangaben
1. Verfasser: Chrastinová, Zuzana
Format: Buch
Sprache:Slowakisch
Englisch
Veröffentlicht: Bratislava Výskumný ústav ekonomiky poľnohospodárstva a potravinárstva 2001
Schlagworte:
Tags: Tag hinzufügen
Keine Tags, Fügen Sie das erste Tag hinzu!

MARC

LEADER 00000nam a2200000 4500
001 c124951
005 20221108093051.7
041 0 |a slo 
041 0 |a eng 
044 |a SK 
245 1 0 |a Ekonomicko-finančná analýza prosperity poľnohospodárskych podnikov so zameraním na úpadkové podniky  |c Zuzana Chrastinová 
264 1 |a Bratislava  |b Výskumný ústav ekonomiky poľnohospodárstva a potravinárstva  |c 2001 
300 |a 25 s. 
610 2 0 |a analýza ekonomická 
610 2 0 |a analýza finančná 
610 2 0 |a podnik poľnohospodársky 
610 2 0 |a prosperita ekonomická 
610 2 0 |a úpadok podniku 
610 2 0 |a Slovensko 
100 1 |a Chrastinová, Zuzana